000 01553cam a2200289 a 4500
001 000007136
005 20251105110124.0
008 000425s1999 mx b f000 0 spa d
020 _a9686384375
040 _aDO-SdBNP
_cDLC
_dDLC
_dBNPHU
082 _a923.9
_bH919
245 0 0 _aDe Colón a Humboldt /
_cLeopoldo Zea, Mario Magallón, compiladores : introducción de Charles Minguet y Humboldt.
260 _aMéxico :
_bInstituto Panamericano de Geografía e Historia ;
_bFondo de Cultura Económica,
_c1999.
300 _a133 p. ;
_c21 cm.
490 1 _aLatinoamérica fin de milenio
_v11
504 _aIncluye referencias bibliográficas.
505 0 _aColón y Vespucio en la visión geohistórica de Alejandro de Humboldt / Charles Minguet -- Colón y el tercer viaje en la obra de Paolo Emilio Taviani (y sobre los nombres de Venezuela y America) / Alberto Filippi -- El paraíso : de Colón a Humboldt / Leopoldo Zea -- Cristóbal Colón y el Islam / Hernán G.H. Taboada -- Tres fines de siglo : colonialismo/poscolonialismo/posmodernidad. Espacios culturales entre lo homogéneo y lo heterogéneo / Ottmar Ette.
600 1 4 _aHUMBOLDT, ALEXANDER VON,
_d1769-1859
_919784
651 0 _aAmérica Latina
_xCivilización
_916665
600 0 _aCOLÓN, CRISTOBAL,
_d1436-1456
_919795
700 1 _aZea, Leopoldo,
_d1912-
_93675
700 1 _aMagallón, Mario.
_919796
700 1 _aMinguet, Charles,
_d1799-1804
_eintrod.
_919797
830 0 _aLatinoamérica fin de mílenio ;
_v11
_93670
910 _aCatalogación por copia / LC
049 _aBNGR
999 _c6917
_d6917